[Event "Regionalliga NW 0708"]
[Site "Bayern"]
[Date "2007.10.21"]
[Round "1.7"]
[White "Kuzmin, Boris"]
[Black "Eckert, Leo"]
[Result "1/2-1/2"]
[WhiteElo "1886"]
[BlackElo "1893"]
[PlyCount "64"]
[EventDate "2007.10.21"]
[EventType "team-tourn"]
[EventRounds "9"]
[EventCountry "GER"]
[SourceTitle "EXT 2009"]
[Source "ChessBase"]
[SourceDate "2008.11.26"]
[SourceVersion "1"]
[SourceVersionDate "2008.11.26"]
[SourceQuality "1"]
[WhiteTeam "Bamberg II"]
[BlackTeam "Kitzingen"]
[WhiteTeamCountry "GER"]
[BlackTeamCountry "GER"]

1. d4 d5 2. c4 e6 3. Nc3 Be7 4. cxd5 exd5 5. Bf4 c6 6. Qc2 g6 7. e3 Bf5 8. Bd3 Bxd3 9. Qxd3 Nf6 10. Nf3 0-0 11. 0-0 Nbd7 12. h3 Re8 13. Bh6 Nf8 14. Ne5 Ne6 15. f4 Ng7 16. f5 Qd6 17. fxg6 fxg6 18. Rf3 Rf8 19. Raf1 b5 20. Ne2 Ne4 21. Bf4 Qe6 22. Bh2 Rxf3 23. Rxf3 Rf8 24. Rxf8+ Bxf8 25. Nf4 Qc8 26. Qc2 Nf5 27. Nxd5 Bh6 28. Qxe4 cxd5 29. Qxd5+ Kg7 30. Bf4 Qc1+ 31. Kh2 Bxf4+ 32. exf4 Qxf4+ 1/2-1/2

[Event "Oberfranken-ch Q 0506"]
[Site "Schney"]
[Date "2006.01.02"]
[Round "2"]
[White "Kuzmin, Boris"]
[Black "Kachel, Stefan"]
[Result "1-0"]
[WhiteElo "1599"]
[BlackElo "1121"]
[PlyCount "65"]
[EventDate "2006.01.02"]
[EventType "swiss"]
[EventRounds "6"]
[EventCountry "GER"]
[SourceTitle "EXT 2015"]
[Source "ChessBase"]
[SourceDate "2014.11.20"]
[SourceVersion "1"]
[SourceVersionDate "2014.11.20"]
[SourceQuality "1"]

1. e4 c5 2. c3 Nc6 3. Nf3 g6 4. d4 d6 5. Be3 Qb6 6. Qc2 Bg4 7. d5 Bxf3 8. dxc6 Bg4 9. h3 Be6 10. cxb7 Qxb7 11. a4 Nf6 12. Nd2 Bg7 13. Bb5+ Nd7 14. 0-0 0-0 15. f4 f5 16. e5 a6 17. Bxd7 Bxd7 18. a5 Rfc8 19. exd6 exd6 20. Nc4 Rc6 21. Rad1 Bf8 22. Nb6 Re8 23. Qf2 Be6 24. c4 Rxb6 25. axb6 Bxc4 26. Rfe1 Qxb6 27. Bc1 Rd8 28. Re3 d5 29. Rde1 Qb5 30. Qh4 Rc8 31. Re7 Bg7 32. Rxg7+ Kxg7 33. Re7+ 1-0